| 000 | 00398cam a2200145ua 4500 | ||
|---|---|---|---|
| 003 | OSt | ||
| 008 | 250222b |||||||| |||| 00| 0 eng d | ||
| 041 | _aeng | ||
| 082 |
_a621.3 _bSHA/BA |
||
| 100 |
_aSharma, Sanjeev . _97235 |
||
| 245 | _aBasics of electrical electrical engineering / | ||
| 260 |
_aNew Delhi : _bI.K International Publishing House , _c2007. |
||
| 300 |
_a718 ; _e`. |
||
| 942 | _cBK | ||
| 999 |
_c13059 _d13059 |
||